عرض عادي
عرض مارك
- راضي، علي رحيم
دخول Personal Name
001 - CONTROL NUMBER
- control field: 28566
003 - CONTROL NUMBER IDENTIFIER
- control field: AE-AdECS
005 - DATE AND TIME OF LATEST TRANSACTION
- control field: 20260413154309.0
008 - FIXED-LENGTH DATA ELEMENTS
- fixed length control field: 260413|| aca||aabn | a|a d
040 ## - CATALOGING SOURCE
- Original cataloging agency: AE-AdECS
- Transcribing agency: AE-AdECS
100 ## - HEADING--PERSONAL NAME
- Personal name: راضي، علي رحيم
670 ## - SOURCE DATA FOUND
- Source citation: Work cat.: (AE-AdECS)294694: راضي، علي رحيم مؤلف., العلاقات الدبلوماسية والقنصلية :
